LEADER 01188nas a2200253 i 4500 001 000000156856 003 CaOOAMICUS 005 20070109000000.0 008 061213b2006 it uu u0 0ita r 013 $a134211 020 $a88-15-11208-1 040 $aSeMil$bita 245 12$aL'ozio come libertà del lavoro :$bla «New Economy» e Aristotele ; Stanley Cavell : una filosofia per il giorno a venire ; Virtù ed etica del sé : categorie e genealogie. 260 $aBologna :$bIl Mulino,$ccopyr. 2006. 300 $aP. [221]-450 ;$c24 cm. 500 $aTitoli dalla copertina. 773 0 $tIride.$dBologna : Il Mulino $w()3227 774 0 $t[vedi periodico].$w()265513 850 $aSeMil 852 $aSeMil$W1$xVenegono$y1$m158 6 36$j108604$B108604$CSeMilBibl$Z2$F118597 $85 961 $aAbbonamento: Il Mulino 996 $6020$a88-15-11208-1$9(OLS)http://semarc/number/147076 996 $6245$aL'ozio come libertà del lavoro :$bla «New Economy» e Aristotele ; Stanley Cavell : una filosofia per il giorno a venire ; Virtù ed etica del sé : categorie e genealogie$9(OLS)http://semarc/title/229986 996 $6260$aBologna :$bIl Mulino$9(OLS)http://semarc/publisher/29842 LEADER 01003nas a2200253 i 4500 001 000000171253 003 CaOOAMICUS 005 20090730000000.0 008 080417b2008 it uu u0 0ita r 013 $a148684 040 $aSeMil$bita 245 10$a[2008]. 260 $aBergamo :$bEd. Carrara,$ccopyr. 2008. 300 $a1 v. (varie sequenze) :$bnotazione musicale ;$c31 cm. 774 0 $aMezzalira, Giacomo <1959- >$tTribus vocibus.$w()268607 774 0 $aLiberto, Giuseppe$tCantico dei cantici per la celebrazione del matrimonio.$w()269572 774 0 $aAutori Vari$tNoi ti lodiamo.$w()269573 774 0 $aBianchi, Italo$tAvvento.$w()270431 774 0 $aAutori Vari$tGraduale Semplice.$w()270650 850 $aSeMil 852 $aSeMil$W1$xVenegono$y1$m91 6 38$j122125$B122125$CSeMilBibl$Z2$F143531 $85 961 $aAbbonamento: Carrara Ed. 996 $6245$a[2008]$9(OLS)http://semarc/title/235575 996 $6260$aBergamo :$bEd. Carrara$9(OLS)http://semarc/publisher/30551